| 000 | 00999cam a22002651i 4500 | ||
|---|---|---|---|
| 003 | SA-RiAUC | ||
| 005 | 20250520090451.0 | ||
| 008 | 250518s1985 ku g c 00000 ara c | ||
| 040 |
_aSA-RiAUC _bara _cSA-RiAUC _erda |
||
| 050 | 4 | _bA24. 1985 | |
| 082 | 0 | 4 | _a235.016 |
| 090 |
_a235.016 _b ح س ي |
||
| 100 | 1 |
_aحسين، عبد المجيد محمد _eمؤلف. |
|
| 245 | 1 | 0 |
_aتيسير الوصول إلى مواضع الحديث في كتب الأصول / _cإعداد عبد المجيد محمد حسين. |
| 250 | _aالطبعة الثانية، منقحة. | ||
| 264 | 1 |
_aالكويت : _bدار الدعوة للنشر، _c1985 |
|
| 300 |
_a48 صفحة ؛ _c24 سم. |
||
| 336 |
_aنص _btxt _2rdacontent _3كتاب |
||
| 337 |
_aبدون وسيط _bn _2rdamedia |
||
| 338 |
_aمجلد _bnc _2rdacarrier |
||
| 490 | 0 |
_aرسائل الحديث ؛ _v1 |
|
| 650 | 7 |
_aالحديث _vفهارس _2aucsh |
|
| 942 |
_2ddc _cBOOK _n0 |
||
| 949 |
_aSA-JeALM _d250518 _umohamedma123 _n1 |
||
| 999 |
_c8143 _d8143 |
||